| 000 | 00663nam a2200205Ia 4500 | ||
|---|---|---|---|
| 003 | GCL | ||
| 008 | 140319s9999 xx 000 0 ara d | ||
| 040 |
_aGCL / _cGCL |
||
| 082 | 0 | 4 |
_a813.0872 _bم س |
| 100 | 1 | _aلطفى فطيم (مترجم) | |
| 245 | 1 | 0 |
_aشرلوك هولمز يقابل سيجموند فرويد / _cلطفى فطيم (مترجم) |
| 700 | 1 | _aماير, نيكولاس | |
| 300 | _a278 ص | ||
| 490 |
_aالالف كتاب الثانى _v0 |
||
| 650 | 0 | 4 | _aالقصص البوليسية |
| 650 | 0 | 4 | _aالادب |
| 650 | 0 | 4 | _aالقصص الانجليزية |
| 650 | 0 | 4 | _aالادب الانجليزى المترجم |
| 942 |
_2ddc _cBK |
||
| 999 |
_c50041 _d50041 |
||